Fundamentals of heat exchanger design / (Record no. 15560)
[ view plain ]
| 000 -LEADER | |
|---|---|
| fixed length control field | 01784 a2200277 4500 |
| 001 - CONTROL NUMBER | |
| control field | 11504 |
| 003 - CONTROL NUMBER IDENTIFIER | |
| control field | IN-BhIIT |
| 005 - DATE AND TIME OF LATEST TRANSACTION | |
| control field | 20260617171409.0 |
| 008 - FIXED-LENGTH DATA ELEMENTS--GENERAL INFORMATION | |
| fixed length control field | 260617b |||||||| |||| 00| 0 eng d |
| 020 ## - INTERNATIONAL STANDARD BOOK NUMBER | |
| ISBN | 9781119883265 (hbk.) |
| 040 ## - CATALOGING SOURCE | |
| Original cataloging agency | IN-BhIIT |
| 041 ## - LANGUAGE CODE | |
| Language code of text | eng |
| 082 ## - DEWEY DECIMAL CLASSIFICATION NUMBER | |
| Classification number | 621.4025 |
| Book number | SEK/F |
| 100 ## - MAIN ENTRY--AUTHOR NAME | |
| Personal name | Sekulic, Dusan P. |
| Relator term | Author |
| 245 ## - TITLE STATEMENT | |
| Title | Fundamentals of heat exchanger design / |
| Statement of responsibility, etc | Dusan P. Sekulic, Ramesh K. Shah |
| 250 ## - EDITION STATEMENT | |
| Edition statement | 2nd. ed. |
| 260 ## - PUBLICATION, DISTRIBUTION, ETC. (IMPRINT) | |
| Place of publication | Ney York : |
| Name of publisher | Wiley, |
| Year of publication | 2023. |
| 300 ## - PHYSICAL DESCRIPTION | |
| Number of Pages | xxxi, 736 p. : |
| Other physical details(ill.) | ill. ; |
| Dimensions(size) | 25 cm. |
| 504 ## - BIBLIOGRAPHY, ETC. NOTE | |
| Bibliography, etc | Includes bibliographical references and index. |
| 520 ## - SUMMARY, ETC. | |
| Summary, etc | Heat exchangers are thermal devices which transfer heat between two or more fluids. They are integral to energy, automotive, aerospace, and myriad other technologies. The design and implementation of heat exchangers is an essential skill for engineers looking to contribute to a huge range of applications. Fundamentals of Heat Exchanger Design, Second Edition provides a comprehensive insight into the design and performance of heat exchangers. After introducing the basic heat transfer concepts and parameters, an overview of design methodologies is discussed. Subsequently, details of design theory of various types of exchangers are presented. The first edition established itself as the standard single-volume text on the subject. The second edition preserves an established in-depth approach but reflects some new technological developments related to design for manufacturing compact heat exchangers, including novel 3-D printing approaches to heat exchanger design. |
| 650 ## - SUBJECT ADDED ENTRY--TOPICAL TERM | |
| Topical Term | Heat engineering |
| Topical Term | Heat exchangers |
| Topical Term | Heat transmission |
| 700 ## - ADDED ENTRY--PERSONAL NAME | |
| Personal name | Shah, Ramesh K. |
| Relator term | Joint author |
| 942 ## - ADDED ENTRY ELEMENTS (KOHA) | |
| Koha item type | Technical Reference Book |
| Withdrawn status | Lost status | Damaged status | Not for loan | Collection code | Home library | Current library | Date acquired | Source of acquisition | Cost, normal purchase price | Full call number | Accession Number | Cost, replacement price | Price effective from | Koha item type |
|---|---|---|---|---|---|---|---|---|---|---|---|---|---|---|
| Not withdrawn | Not Lost | not damaged | SMS | Central Library, IIT Bhubaneswar | Central Library, IIT Bhubaneswar | 16/06/2026 | 49 | 10219.51 | 621.4025 SEK/F | 11504 | 13999.33 | 16/06/2026 | Technical Reference Book |